El curador urbano y su ejercicio en Colombia / (Registro nro. 7522)
[ vista simple ]
| 000 -CABECERA | |
|---|---|
| Longitud fija campo de control | 00690nam a2200193Ia 4500 |
| 008 - • CÓDIGOS DE INFORMACIÓN DE LONGITUD FIJA | |
| Códigos de información de longitud fija | 161108s9999 xx 000 0 und d |
| 020 ## - • NÚMERO INTERNACIONAL NORMALIZADO PARA LIBROS | |
| Número Internacional Normalizado para Libros (ISBN) | 9789587072358 |
| 082 ## - • NÚMERO DE LA CLASIFICACIÓN DECIMAL DEWEY | |
| Número de clasificación (R) | 348.045 P17c |
| 040 ## - FUENTE DE LA CATALOGACIÓN | |
| Centro catalogador de origen | CO-BoRNBP |
| Lengua de catalogación | spa |
| Normas de descripción | rda |
| Centro transcriptor | CO-BoRNBP |
| 100 ## - • PUNTO DE ACCESO PRINCIPAL-NOMBRE DE PERSONA | |
| Nombre de persona | Parra Quirós, Fernando |
| 245 ## - • TITULO PROPIAMENTE DICHO | |
| Título | El curador urbano y su ejercicio en Colombia / |
| Mención de responsabilidad, etc. | Fernando Parra Quirós |
| 250 ## - • MENCIÓN DE EDICIÓN | |
| Mención de edición | Primera edición |
| 264 ## - PRODUCCIÓN, PUBLICACIÓN , DISTRIBUCIÓN, FABRICACIÓN Y COPYRIGHT | |
| Lugar de producción, publicación, distribución, fabricación | Bogotá : |
| Nombre del productor, editor, distribuidor, fabricante | Librería Ediciones del Profesional Ltda. |
| 300 ## - • DESCRIPCIÓN FÍSICA | |
| Extensión | xii, 182 páginas ; |
| Dimensiones | 24 cm |
| 336 ## - TIPO DE CONTENIDO | |
| Término de tipo de contenido | texto |
| Código de tipo de contenido | txt |
| Fuente | rdacontent |
| 337 ## - TIPO DE MEDIO | |
| Nombre del tipo de medio | sin mediación |
| Código del tipo de medio | n |
| Fuente | rdamedia |
| 338 ## - TIPO DE SOPORTE | |
| Nombre del tipo de soporte | volumen |
| Código del tipo de soporte | nc |
| Fuente | rdacarrier |
| 650 ## - • PUNTO DE ACCESO ADICIONAL DE MATERIA - TÉRMINO DE MATERIA | |
| Término de materia o nombre geográfico como elemento inicial | Urbanismo - Legislacion - Colombia / Politica Urbana - Colombia |
No hay ítems disponibles.